Medieval Near Eastern ceramics in the Freer Gallery of Art

محفوظ في:

المؤلف الرئيسي: Freer Gallery of Art

التنسيق: كتاب

اللغة: Undetermined

منشور في: Washington Smithsonian Institution, 1960

سلاسل: Publication (Smithsonian Institution),

الوسوم: إضافة وسم

لا توجد وسوم, كن أول من يضع وسما على هذه التسجيلة!

رقم الطلب: (P)NK3880 .F74

LEADER 00413nam a2200133Ia 4500
008 240503s9999||||xx |||||||||||||| ||und||
050 4 |a (P)NK3880 .F74 
100 1 |a Freer Gallery of Art 
245 1 0 |a Medieval Near Eastern ceramics in the Freer Gallery of Art  
264 1 |a Washington  |b Smithsonian Institution,  |c 1960 
300 |a 38  |c 25 
490 0 |a Publication (Smithsonian Institution), 
942 |2 lcc  |c PT 
999 |c 58277  |d 58277